London tube stations on the Jubilee line - Statistics

General Stats
  • This quiz has been taken 92 times
  • The average score is 21 of 27
Answer Stats
Hint Answer % Correct
007 could walk here BS Bond Street
95%
Battle and Abba song W Waterloo
95%
Eco open space GP Green Park
94%
See Big Ben W Westminster
94%
Lets hope its not falling down LB London Bridge
91%
Up the Hammers WH West Ham
91%
Wet stuff for Commonwealth country CW Canada Water
89%
Lets visit 221B BS Baker Street
88%
Not south of the meridian NG North Greenwich
88%
Place for a caged bird to berth CW Canary Wharf
87%
Fourth apostles forest SJW St Johns Wood
82%
The Bard is not here S Stratford
80%
Place to put food into tins? CT Canning Town
79%
Leave your car and go to the stadium WP Wembley Park
78%
Go east of the heath WH West Hampstead
78%
Alight here for one of London's cathedrals S Southwark
77%
Alpine retreat SC Swiss Cottage
73%
Slaughter a scald K Kilburn
72%
Dig a grave for a monarch? K Kingsbury
72%
Boxing rules? Q Queensbury
71%
Less of Laurel! S Stanmore
66%
Fashion and textile centre and a market B Bermondsey
63%
Little bird could walk here FR Finchley Road
63%
Lions home in your patella? N Neasden
62%
Underground cabinet bunker for Churchill was here DH Dollis Hill
57%
Named in a Kinks song WG Willesden Green
50%
Place for holy people to leave their cars? CP Canons Park
45%
No matching quizzes found
Score Distribution
Percent of People with Each Score
Percentile by Number Answered
Your Score History
You have not taken this quiz